[Event "World Rapid 2025"]
[Site "Doha QAT"]
[Date "2025.12.28"]
[Round "13.46"]
[White "Amin, Bassem"]
[Black "Vakhidov, Jakhongir"]
[Result "1/2-1/2"]
[WhiteTitle "GM"]
[BlackTitle "GM"]
[WhiteElo "2626"]
[BlackElo "2516"]
[WhiteFideId "10601457"]
[BlackFideId "14201801"]
[EventDate "2025.12.26"]

1. Nf3 g6 2. e4 c5 3. c3 d5 4. e5 a6 5. d4 Nc6 6. h3 Bg7 7. Be2 f6 8. exf6 Nxf6
9. O-O O-O 10. Be3 Qb6 11. Qb3 Qxb3 12. axb3 cxd4 13. cxd4 Bf5 14. Nc3 Rac8 15.
Na4 Nd7 16. Nc3 e6 17. g4 Bc2 18. Rac1 Nb4 19. Ng5 Rc6 20. Nb1 e5 21. Na3 Bxb3
22. Rc3 Ba4 23. Rxc6 Nxc6 24. Ne6 Rc8 25. Nxg7 Kxg7 26. dxe5 Ndxe5 27. f4 Nf7
28. b3 Bxb3 29. Rb1 d4 30. Bf2 Bd5 31. Rxb7 d3 32. Bxd3 Ne5 33. Bxa6 Rc1+ 34.
Kh2 Bxb7 35. Bxb7 Nd3 36. Bd4+ Kf8 37. Kg3 Nd6 38. Bf3 Ne1 39. Be5 Nf7 40. Bb2
Rc5 41. Be2 Nc2 42. Nc4 Kg8 43. Ne5 Nd6 44. Nd7 Ne4+ 45. Kf3 Rc7 46. Kxe4 Rxd7
47. Bc4+ Kf8 48. f5 gxf5+ 49. gxf5 Rb7 50. Be5 Rb1 51. f6 Re1+ 52. Kf4 Rd1 53.
Bb3 Rd2 54. Kg5 Ne3 55. Bf4 Rd3 56. Be6 Ng2 57. Bc7 Ne3 58. Kh6 Nc2 59. Kxh7 Nb4
60. Bf4 Rxh3+ 61. Bxh3 Kf7 62. Bg2 Kxf6 63. Be4 Ke6 64. Kg7 Nd5 65. Bg3 Nf6 66.
Bf3 Kf5 67. Kf7 Ne4 68. Bxe4+ Kxe4 1/2-1/2

[Event "World Rapid 2025"]
[Site "Doha QAT"]
[Date "2025.12.28"]
[Round "13.47"]
[White "Bu, Xiangzhi"]
[Black "Dudin, Gleb"]
[Result "0-1"]
[WhiteTitle "GM"]
[BlackTitle "GM"]
[WhiteElo "2665"]
[BlackElo "2585"]
[WhiteFideId "8601445"]
[BlackFideId "34184934"]
[EventDate "2025.12.26"]

1. c4 e5 2. d3 Nf6 3. Nf3 Nc6 4. a3 d5 5. cxd5 Nxd5 6. e4 Nb6 7. Be2 Be7 8. O-O
g5 9. Be3 g4 10. Nfd2 h5 11. b4 f5 12. exf5 Bxf5 13. Ne4 Qd7 14. Nbd2 O-O-O 15.
Nb3 Nd4 16. Bxd4 exd4 17. Rc1 Bxe4 18. Nc5 Bxc5 19. bxc5 Na8 20. dxe4 d3 21. c6
bxc6 22. Rc3 dxe2 23. Qxe2 Kb7 24. a4 a5 25. Rfc1 Qd2 26. Qf1 Rh6 27. e5 Nb6 28.
h4 Rd5 29. Re3 Re6 30. Rce1 Qb2 31. R1e2 Qd4 32. Re4 Qc3 33. R2e3 Qc2 34. Re2
Rd2 35. Qe1 Rxe2 36. Rxe2 Qxa4 37. Qd2 Qb4 38. Qg5 a4 39. Qxh5 a3 40. Qf5 Qc4
41. Re1 a2 42. Kh2 Re8 43. Ra1 Ra8 0-1

[Event "World Rapid 2025"]
[Site "Doha QAT"]
[Date "2025.12.28"]
[Round "13.48"]
[White "Donchenko, Alexander"]
[Black "Rodrigue-Lemieux, Shawn"]
[Result "1-0"]
[WhiteTitle "GM"]
[BlackTitle "GM"]
[WhiteElo "2661"]
[BlackElo "2517"]
[WhiteFideId "24603295"]
[BlackFideId "2620049"]
[EventDate "2025.12.26"]

1. c4 e6 2. g3 d5 3. Bg2 Nf6 4. Nf3 Be7 5. O-O O-O 6. d4 dxc4 7. Qc2 a6 8. a4
Bd7 9. Rd1 Bc6 10. Bg5 b5 11. Bxf6 Bxf6 12. Nc3 Qe8 13. e4 g6 14. d5 Bb7 15. e5
Bg7 16. Ng5 exd5 17. Nxd5 Qxe5 18. f4 Qd6 19. Ne4 Qxd5 20. Rxd5 Bxd5 21. Nc3
Bxg2 22. Qxg2 Ra7 23. axb5 axb5 24. Rxa7 Bd4+ 25. Kf1 Bxa7 26. Nxb5 Bb6 27. Qb7
Nd7 28. Qc6 Rd8 29. Qd5 Kf8 30. Na3 Ke8 31. Nxc4 Bc5 32. Qc6 Bd6 33. Nxd6+ cxd6
34. Qxd6 Rb8 35. b4 Rb6 36. Qd4 h5 37. Kg2 Ke7 38. Kh3 Rd6 39. Qc3 Re6 40. b5
Rb6 41. Qb4+ Kf6 42. Kh4 Re6 43. Qd4+ Ke7 44. Kg5 Rb6 45. Qb4+ Ke8 46. Kh6 Re6
47. Kg7 Rb6 48. Qe4+ Re6 49. Qd5 Ke7 50. Qd4 Ke8 51. h3 Ke7 52. g4 hxg4 53. hxg4
g5 54. f5 Re5 55. f6+ Ke6 56. Qc4+ Rd5 57. Qc6+ Rd6 58. Qc4+ Ke5 59. Qe2+ Kd5
60. Qd2+ Kc5 61. Qxg5+ Rd5 62. Qe3+ Kxb5 63. Kxf7 Kc6 64. g5 Rd6 65. Qe4+ Kc7
66. Ke7 Nb8 67. f7 Nc6+ 68. Qxc6+ 1-0

[Event "World Rapid 2025"]
[Site "Doha QAT"]
[Date "2025.12.28"]
[Round "13.49"]
[White "Pichot, Alan"]
[Black "Gan-Erdene, Sugar"]
[Result "1/2-1/2"]
[WhiteTitle "GM"]
[BlackTitle "IM"]
[WhiteElo "2597"]
[BlackElo "2444"]
[WhiteFideId "110973"]
[BlackFideId "4902980"]
[EventDate "2025.12.26"]

1. e4 c5 2. Nf3 e6 3. d4 cxd4 4. Nxd4 Nc6 5. Nc3 Qc7 6. Be3 a6 7. Bd3 Nf6 8. Qe2
Be7 9. g4 h5 10. gxh5 Nxh5 11. Nxc6 dxc6 12. O-O-O b5 13. e5 Qxe5 14. Be4 Bb7
15. Bd4 Qf4+ 16. Be3 Qc7 17. Rhg1 Nf6 18. Bf3 g6 19. Bd4 O-O-O 20. Qe3 Bd6 21.
Ne2 Qe7 22. Bxc6 e5 23. Bxb7+ Kxb7 24. Bc3 b4 25. Qf3+ Kc7 26. Bd2 Qe6 27. Kb1
e4 28. Qe3 Kb7 29. Nd4 Qc4 30. Nb3 Bc7 31. h3 a5 32. Bc1 Nd5 33. Qxe4 Qxe4 34.
Nc5+ Kc6 35. Nxe4 Bf4 36. Ng5 Bxg5 37. Bxg5 f6 38. Bd2 g5 39. Rg3 Nf4 40. c3
Nxh3 41. cxb4 Nxf2 42. Rc1+ Kb7 43. Bc3 Ne4 44. Re3 Nxc3+ 45. Rexc3 axb4 46. Rc4
Rd6 47. Rxb4+ Rb6 48. Rbc4 Rh2 49. b3 Rd6 1/2-1/2

[Event "World Rapid 2025"]
[Site "Doha QAT"]
[Date "2025.12.28"]
[Round "13.50"]
[White "Raja, Harshit"]
[Black "Paravyan, David"]
[Result "1-0"]
[WhiteTitle "GM"]
[BlackTitle "GM"]
[WhiteElo "2472"]
[BlackElo "2582"]
[WhiteFideId "5089000"]
[BlackFideId "4194985"]
[EventDate "2025.12.26"]

1. e4 e5 2. Nf3 Nf6 3. Nxe5 d6 4. Nf3 Nxe4 5. d4 d5 6. Bd3 Bd6 7. O-O O-O 8. c4
c6 9. Nc3 Nxc3 10. bxc3 dxc4 11. Bxc4 Bg4 12. h3 Bh5 13. g4 Bg6 14. Ne5 b5 15.
Bb3 Nd7 16. Nxg6 hxg6 17. Qf3 Rc8 18. Kg2 a5 19. h4 a4 20. Bc2 Qf6 21. Qh3 Qe6
22. h5 c5 23. h6 Qd5+ 24. f3 Rfe8 25. hxg7 Kxg7 26. Qh6+ Kg8 27. Bxg6 Nf8 28.
Bf5 Rc6 29. Qh5 Qc4 30. Qg5+ Ng6 31. Bxg6 Re2+ 32. Rf2 Rxf2+ 33. Kxf2 Bg3+ 34.
Kxg3 Rxg6 35. Qxc5 1-0

[Event "World Rapid 2025"]
[Site "Doha QAT"]
[Date "2025.12.28"]
[Round "13.51"]
[White "Stribuk, Artiom"]
[Black "Najer, Evgeniy"]
[Result "1/2-1/2"]
[WhiteTitle "IM"]
[BlackTitle "GM"]
[WhiteElo "2476"]
[BlackElo "2619"]
[WhiteFideId "13515659"]
[BlackFideId "4118987"]
[EventDate "2025.12.26"]

1. Nf3 d5 2. c4 d4 3. b4 c5 4. b5 f6 5. g3 e5 6. d3 Ne7 7. Bg2 Ng6 8. O-O Be7 9.
e3 O-O 10. exd4 cxd4 11. Nbd2 Kh8 12. a4 a6 13. Ba3 Bxa3 14. Rxa3 Nd7 15. Ra1
Ra7 16. Nb3 b6 17. Nfd2 Bb7 18. Bxb7 Rxb7 19. a5 Ra7 20. c5 Nxc5 21. Nxc5 bxc5
22. b6 Re7 23. Rc1 f5 24. Re1 Qe8 25. Rxc5 e4 26. Nc4 exd3 27. Rxe7 Qxe7 28. Rc7
Qe2 29. Qf1 Nh4 30. gxh4 Qg4+ 31. Kh1 Qf3+ 32. Qg2 Qd1+ 33. Qg1 Qf3+ 1/2-1/2

[Event "World Rapid 2025"]
[Site "Doha QAT"]
[Date "2025.12.28"]
[Round "13.52"]
[White "Galaviz Medina, Sion Radamantys"]
[Black "Yakubboev, Nodirbek"]
[Result "0-1"]
[WhiteTitle "IM"]
[BlackTitle "GM"]
[WhiteElo "2514"]
[BlackElo "2691"]
[WhiteFideId "5123119"]
[BlackFideId "14203987"]
[EventDate "2025.12.26"]

1. d4 Nf6 2. c4 g6 3. Nc3 Bg7 4. e4 d6 5. Be2 O-O 6. Be3 Nc6 7. d5 Ne5 8. f4
Neg4 9. Bd2 Nh6 10. Nf3 c6 11. a4 e6 12. dxe6 Bxe6 13. O-O Nd7 14. Ng5 a5 15.
Nxe6 fxe6 16. Qc2 Bd4+ 17. Kh1 Nf7 18. Rad1 Qe7 19. Bc1 e5 20. f5 Nf6 21. Rd3 g5
22. Rg3 Kh8 23. Nd1 Rac8 24. Bd3 g4 25. Qe2 Rg8 26. Nf2 h5 27. h3 Rg7 28. Be3
Rcg8 29. hxg4 hxg4 30. Kg1 Qd8 31. c5 dxc5 32. Bc4 Qf8 33. Bxd4 cxd4 34. Rb3 Rh7
35. Rd1 Qh6 36. Kf1 Qh2 37. g3 Rgg7 38. Rxb7 Qxg3 39. Qd3 Qf4 40. Qd2 Rh1+ 0-1

[Event "World Rapid 2025"]
[Site "Doha QAT"]
[Date "2025.12.28"]
[Round "13.53"]
[White "Sasikiran, Krishnan"]
[Black "Madaminov, Mukhiddin"]
[Result "0-1"]
[WhiteTitle "GM"]
[BlackTitle "GM"]
[WhiteElo "2538"]
[BlackElo "2552"]
[WhiteFideId "5004985"]
[BlackFideId "14210703"]
[EventDate "2025.12.26"]

1. d4 d5 2. c4 e6 3. Nf3 Nf6 4. g3 Be7 5. Bg2 O-O 6. O-O dxc4 7. Qc2 a6 8. a4
Bd7 9. Qxc4 Bc6 10. Bf4 Bd6 11. Qc1 a5 12. Nc3 Na6 13. Rd1 Nb4 14. Ne1 Bxf4 15.
Qxf4 Bxg2 16. Kxg2 c6 17. e4 Ra6 18. Rd2 Rb6 19. Rad1 Qe7 20. Qe3 Ra6 21. h3 h6
22. Nf3 Nd7 23. Qf4 Nb6 24. b3 Raa8 25. Ne5 Rfe8 26. h4 Rad8 27. Qe3 Na6 28. Ne2
Nd7 29. Nc4 Qb4 30. Qc3 b6 31. f3 Rb8 32. Kf2 Qe7 33. Nf4 Rec8 34. Kg2 Nb4 35.
Nd3 Nd5 36. Qa1 b5 37. exd5 bxc4 38. d6 Qxd6 39. bxc4 Rb3 40. Qa2 Rcb8 41. Qc2
Qa3 42. Ne5 Nxe5 43. dxe5 g6 44. Qe4 Rb2 45. Qxc6 Rd8 46. Qd6 Rxd6 47. exd6 Qxd6 0-1

[Event "World Rapid 2025"]
[Site "Doha QAT"]
[Date "2025.12.28"]
[Round "13.54"]
[White "Zemlyanskii, Ivan"]
[Black "Khubukshanov, Erdem"]
[Result "1-0"]
[WhiteTitle "GM"]
[BlackTitle "IM"]
[WhiteElo "2592"]
[BlackElo "2502"]
[WhiteFideId "24249971"]
[BlackFideId "54114527"]
[EventDate "2025.12.26"]

1. d4 Nf6 2. c4 e6 3. Nc3 Bb4 4. e3 O-O 5. Bd3 d5 6. cxd5 exd5 7. Ne2 Re8 8. Bd2
a6 9. O-O Bd6 10. Rc1 b6 11. Nf4 Bxf4 12. exf4 Nc6 13. Ne2 Bd7 14. f3 a5 15. a3
h5 16. Be1 Nh7 17. Rxc6 Bxc6 18. Qc2 Qd7 19. Bxh7+ Kh8 20. Bd3 Bb5 21. Bxb5 Qxb5
22. Nc3 Qd7 23. Bf2 Rac8 24. Rd1 Kg8 25. Qb3 Rcd8 26. Bh4 f6 27. Qc2 Re6 28. Bf2
c6 29. b4 axb4 30. axb4 Rc8 31. Qb3 Rd6 32. Qb1 Re8 33. h3 Rde6 34. Qb3 Rd6 35.
Qc2 Rde6 36. Qb1 Rd6 37. Rc1 Rde6 38. Qb3 Rc8 39. Ra1 Rd6 40. Ra6 Qf5 41. Rxb6
Qxf4 42. Qc2 Kh8 43. Ne2 Qg5 44. h4 Qh6 45. Bg3 Qe3+ 46. Kh2 Rdd8 47. Rb7 Re8
48. Nf4 Kg8 49. Nxh5 Re7 50. Nxf6+ Kf7 51. Nxd5 1-0

[Event "World Rapid 2025"]
[Site "Doha QAT"]
[Date "2025.12.28"]
[Round "13.55"]
[White "Sklokin, Sergey"]
[Black "Wojtaszek, Radoslaw"]
[Result "1/2-1/2"]
[WhiteTitle "FM"]
[BlackTitle "GM"]
[WhiteElo "2407"]
[BlackElo "2667"]
[WhiteFideId "55730230"]
[BlackFideId "1118358"]
[EventDate "2025.12.26"]

1. e4 c6 2. d4 d5 3. e5 Bf5 4. h4 h5 5. Bd3 Bxd3 6. Qxd3 Qa5+ 7. Nd2 e6 8. Nf3
Nh6 9. O-O Nf5 10. Nb3 Qa6 11. Qd1 b6 12. Bg5 c5 13. dxc5 Bxc5 14. Nbd4 Nxd4 15.
Nxd4 Qa4 16. c3 Qxd1 17. Raxd1 Bxd4 18. cxd4 Nc6 19. Be3 Rc8 20. Rc1 Kd7 21.
Rfd1 a5 22. a4 Nb4 23. Bd2 Rxc1 24. Rxc1 Nc6 25. Bc3 f6 26. exf6 gxf6 27. f3 Kd6
28. Kf2 e5 29. Rd1 Rg8 30. dxe5+ fxe5 31. Bd2 d4 32. Bg5 Kd5 33. Rc1 Rg6 34. Bd2
e4 35. fxe4+ Kxe4 36. g4 hxg4 37. h5 Rf6+ 38. Kg2 Kd3 39. Bg5 Rf5 40. Rxc6 Rxg5
41. Rxb6 Rxh5 42. Rb5 Rh8 43. Rxa5 Kc4 44. Ra7 Rd8 45. Rc7+ Kb3 46. Kf2 g3+ 47.
Ke2 Rg8 48. Rb7+ Kc2 49. Rc7+ Kb1 50. Kd2 Kxb2 51. Rc1 g2 52. Rg1 Rg3 53. a5 Kb3
54. a6 Kc4 55. a7 Rg8 56. Ke1 Ra8 57. Rxg2 Rxa7 58. Rg3 d3 59. Rg8 Ra1+ 1/2-1/2

[Event "World Rapid 2025"]
[Site "Doha QAT"]
[Date "2025.12.28"]
[Round "13.56"]
[White "Lodici, Lorenzo"]
[Black "Grandelius, Nils"]
[Result "1/2-1/2"]
[WhiteTitle "GM"]
[BlackTitle "GM"]
[WhiteElo "2590"]
[BlackElo "2664"]
[WhiteFideId "884189"]
[BlackFideId "1710400"]
[EventDate "2025.12.26"]

1. e4 c5 2. Nf3 e6 3. d4 cxd4 4. Nxd4 Nc6 5. Nc3 Qc7 6. Be3 a6 7. Bd3 Nxd4 8.
Bxd4 Ne7 9. Qe2 Nc6 10. Nd5 exd5 11. exd5+ Ne7 12. O-O d6 13. c4 f6 14. Qh5+ g6
15. Qh4 Bg7 16. Bxf6 Bxf6 17. Qxf6 Rf8 18. Qg7 Rf7 19. Qh8+ Kd7 20. c5 Qxc5 21.
Rac1 Qb6 22. Rc2 Qd8 23. Qd4 Ke8 24. Qh8+ Kd7 25. Qd4 Ke8 26. Qh8+ 1/2-1/2

[Event "World Rapid 2025"]
[Site "Doha QAT"]
[Date "2025.12.28"]
[Round "13.57"]
[White "Harikrishna, Pentala"]
[Black "Bharath, Subramaniyam H"]
[Result "0-1"]
[WhiteTitle "GM"]
[BlackTitle "GM"]
[WhiteElo "2693"]
[BlackElo "2576"]
[WhiteFideId "5007003"]
[BlackFideId "46634827"]
[EventDate "2025.12.26"]

1. e4 c5 2. Nf3 Nc6 3. Bb5 g6 4. O-O Bg7 5. c3 e5 6. d4 cxd4 7. cxd4 exd4 8. Bf4
Nge7 9. Bd6 a6 10. Bc4 b5 11. Bd5 Bb7 12. Nbd2 Nc8 13. Bc5 d3 14. Qb3 d6 15.
Bxf7+ Kf8 16. Be3 Na5 17. Qe6 Qe7 18. Ng5 h6 19. Bxg6 hxg5 20. Qg4 Qf6 21. Bf5
Rh4 22. Qg3 Bh6 23. Nf3 Rf4 24. Rac1 Ne7 25. Bxf4 gxf4 26. Qh3 Nc4 27. b3 Nxf5
28. exf5 Ne5 29. Nd4 Rc8 30. Qh5 Ke7 31. Rfd1 Qg5 32. Qxg5+ Bxg5 33. f3 Kd7 34.
Ne6 Bh6 35. Rxc8 Bxc8 36. Rc1 d5 37. Kf1 d2 38. Rd1 Kd6 39. Nd4 Nc6 40. Ne2 Bxf5
41. Rxd2 Ke5 42. Rd1 d4 43. Nc1 Nb4 44. Re1+ Kd6 45. Re8 Bg7 46. a3 Nd5 47. Rd8+
Kc6 48. Ke2 Nc3+ 49. Ke1 Be5 50. Re8 Bd6 51. h4 Bxa3 52. h5 Bxc1 53. Rf8 d3 0-1

[Event "World Rapid 2025"]
[Site "Doha QAT"]
[Date "2025.12.28"]
[Round "13.58"]
[White "Aditya, Mittal"]
[Black "Salem, A.R. Saleh"]
[Result "0-1"]
[WhiteTitle "GM"]
[BlackTitle "GM"]
[WhiteElo "2624"]
[BlackElo "2635"]
[WhiteFideId "35042025"]
[BlackFideId "9301348"]
[EventDate "2025.12.26"]

1. d4 Nf6 2. c4 g6 3. Nc3 Bg7 4. e4 d6 5. Be2 O-O 6. Be3 e5 7. d5 Na6 8. h3 Nc5
9. Qc2 a5 10. Nf3 Bd7 11. Bxc5 dxc5 12. Nxe5 Nxe4 13. Nxe4 Bxe5 14. Nxc5 Bf5 15.
Nd3 Qg5 16. g4 Bxd3 17. Bxd3 c6 18. Be4 Qf4 19. Kf1 Bxb2 20. Rb1 Rae8 21. Rxb2
Rxe4 22. Kg2 f5 23. Qd2 Qe5 24. Rxb7 fxg4 25. dxc6 Rxc4 26. Qd3 Rc3 27. Re1 Qc5
28. Qe2 Qxc6+ 29. Qe4 gxh3+ 30. Kg1 Qxe4 31. Rxe4 Rc1+ 32. Kh2 Rxf2+ 33. Kxh3
Rf7 34. Rb5 Rc3+ 35. Kh4 Ra3 36. Rb2 Kg7 37. Rg2 Raf3 38. Rgg4 h6 39. Rg2 R7f4+
40. Rxf4 Rxf4+ 41. Kg3 Ra4 42. Rc2 h5 43. Rd2 Kh6 44. Rc2 h4+ 45. Kh3 Kh5 46.
Rc3 g5 47. a3 Rd4 48. Re3 Rd2 0-1

[Event "World Rapid 2025"]
[Site "Doha QAT"]
[Date "2025.12.28"]
[Round "13.59"]
[White "Gholami Orimi, Mahdi"]
[Black "Pranav, V"]
[Result "1-0"]
[WhiteTitle "GM"]
[BlackTitle "GM"]
[WhiteElo "2515"]
[BlackElo "2641"]
[WhiteFideId "12558486"]
[BlackFideId "25060783"]
[EventDate "2025.12.26"]

1. d4 Nf6 2. c4 e6 3. Nc3 Bb4 4. e3 O-O 5. Bd3 d5 6. a3 Bxc3+ 7. bxc3 dxc4 8.
Bxc4 c5 9. Ne2 Qc7 10. Ba2 Nc6 11. O-O Rd8 12. Ng3 b6 13. Re1 Bb7 14. Rb1 Rac8
15. Rb2 Ne7 16. e4 cxd4 17. cxd4 Nxe4 18. Nxe4 Bxe4 19. h4 Nf5 20. Rd2 Qc6 21.
Qg4 h5 22. Qg5 Bd5 23. Bb1 f6 24. Qxh5 Bxg2 25. Bxf5 exf5 26. Qxf5 Bd5 27. Rd3
Qc2 28. Bh6 Rc7 29. Rc1 Qe2 30. Rxc7 Qe1+ 1-0

[Event "World Rapid 2025"]
[Site "Doha QAT"]
[Date "2025.12.28"]
[Round "13.60"]
[White "Bilguun, Sumiya"]
[Black "Indjic, Aleksandar"]
[Result "0-1"]
[WhiteTitle "GM"]
[BlackTitle "GM"]
[WhiteElo "2442"]
[BlackElo "2635"]
[WhiteFideId "4901541"]
[BlackFideId "911925"]
[EventDate "2025.12.26"]

1. e4 e5 2. Nf3 Nc6 3. Bc4 Nf6 4. d3 h6 5. a4 a5 6. c3 Be7 7. O-O d6 8. Nbd2 O-O
9. Re1 Be6 10. Nf1 Bxc4 11. dxc4 Re8 12. b3 Bf8 13. Qc2 g6 14. Ba3 b6 15. Rad1
Qc8 16. Ne3 Nb8 17. Nd5 Nbd7 18. Nd2 Nh5 19. Nf1 c6 20. Nde3 Re6 21. Ng3 Nhf6
22. h3 Qb7 23. Ng4 Nxg4 24. hxg4 Nf6 25. Qe2 Rb8 26. Rd3 b5 27. axb5 cxb5 28.
cxb5 Qxb5 29. c4 Qc6 30. Rd5 Rxb3 31. Bc1 Re8 32. Rb5 Rb8 33. Rxb8 Rxb8 34. g5
hxg5 35. Bxg5 Nh7 36. Bd2 a4 37. Ra1 Rb3 38. Be3 Nf6 39. Qc2 Ng4 40. Nf1 Rb4 41.
Qd1 Nf6 42. Nd2 Nxe4 43. Qf3 d5 44. cxd5 Qxd5 45. Nxe4 Qxe4 46. Qd1 a3 47. Qd8
Ra4 48. Rc1 Ra8 49. Qf6 a2 50. Rc7 a1=Q+ 0-1

[Event "World Rapid 2025"]
[Site "Doha QAT"]
[Date "2025.12.28"]
[Round "13.61"]
[White "Narayanan, S.L."]
[Black "Uskov, Artem"]
[Result "1-0"]
[WhiteTitle "GM"]
[BlackTitle "GM"]
[WhiteElo "2616"]
[BlackElo "2516"]
[WhiteFideId "5058422"]
[BlackFideId "34254854"]
[EventDate "2025.12.26"]

1. d4 Nf6 2. c4 e6 3. Nf3 d5 4. Nc3 dxc4 5. e4 b5 6. e5 Nd5 7. Nxb5 Nb6 8. Be3
Nc6 9. Nc3 Be7 10. Be2 O-O 11. a3 Bb7 12. Qc2 f5 13. exf6 Bxf6 14. Ne4 h6 15.
Nc5 Bc8 16. Bxc4 Nxc4 17. Qxc4 Qd5 18. Rc1 Rb8 19. O-O Rd8 20. Qxd5 exd5 21. Bf4
Re8 22. b4 Re7 23. Rfe1 Rxe1+ 24. Rxe1 Bg4 25. Bxc7 Rc8 26. Be5 Bxf3 27. Bxf6
gxf6 28. gxf3 Nxd4 29. Rd1 Nb5 30. Rxd5 Nxa3 31. Ne4 Rc6 32. Ra5 Nc2 33. b5 Rb6
34. Rxa7 Nd4 35. Ra6 Rxb5 36. Rxf6 Kg7 37. Kg2 Ne2 38. h4 Ra5 39. Rd6 Ra1 40.
Ng3 Nf4+ 41. Kh2 Ra5 42. Rd4 Ne6 43. Rg4+ Kf7 44. Kg2 Kf6 45. Rb4 Kf7 46. f4 Ra3
47. f5 Nc5 48. Nh5 Ra5 49. Rd4 Ra2 50. Ng3 Ra6 51. Rd5 Rc6 52. Nh5 Ke7 53. Nf4
Nb7 54. Ng6+ Kf6 55. Ne5 Rc7 56. Ng4+ Kg7 57. f6+ Kf7 58. h5 Nc5 59. Ne5+ Ke6
60. f7 Kxd5 61. f8=Q Kxe5 62. Qxh6 Ne6 63. Qh8+ Kf5 64. h6 Ng5 65. Qg7 Rf7 66.
f3 Kf4 67. Qg6 Rf5 68. h7 1-0

[Event "World Rapid 2025"]
[Site "Doha QAT"]
[Date "2025.12.28"]
[Round "13.62"]
[White "Maksimovic, Bojan"]
[Black "Lobanov, Sergei"]
[Result "1/2-1/2"]
[WhiteTitle "GM"]
[BlackTitle "GM"]
[WhiteElo "2533"]
[BlackElo "2527"]
[WhiteFideId "14408120"]
[BlackFideId "24183750"]
[EventDate "2025.12.26"]

1. c4 e6 2. g3 d5 3. Bg2 Nf6 4. Nf3 dxc4 5. Qa4+ Nbd7 6. Qxc4 a6 7. Qc2 c5 8.
Nc3 Qc7 9. O-O b6 10. d4 Bb7 11. Bf4 Bd6 12. Bxd6 Qxd6 13. Rad1 Qc7 14. e4 cxd4
15. Nxd4 O-O 16. Rfe1 Rfd8 17. Qe2 Ne5 18. f4 Nc4 19. e5 Bxg2 20. exf6 Bh3 21.
Ne4 Bf5 22. b3 Bxe4 23. Qxe4 Nd6 24. Qe5 Ne8 25. Qxc7 1/2-1/2

[Event "World Rapid 2025"]
[Site "Doha QAT"]
[Date "2025.12.28"]
[Round "13.63"]
[White "Suyarov, Mukhammadzokhid"]
[Black "Idani, Pouya"]
[Result "1/2-1/2"]
[WhiteTitle "IM"]
[BlackTitle "GM"]
[WhiteElo "2454"]
[BlackElo "2611"]
[WhiteFideId "14210495"]
[BlackFideId "12510130"]
[EventDate "2025.12.26"]

1. e4 c6 2. d4 d5 3. e5 c5 4. Nf3 cxd4 5. Qxd4 Nc6 6. Qf4 e6 7. Nc3 Nge7 8. Bd3
Ng6 9. Qg3 Nb4 10. h4 Nxd3+ 11. cxd3 h5 12. O-O Bd7 13. a4 Be7 14. Bg5 O-O 15.
Ne2 Bxg5 16. hxg5 Rc8 17. Nfd4 Qb6 18. Kh1 Qxb2 19. Rfb1 Qd2 20. Rxb7 Bxa4 21.
Rxa7 Bc2 22. R7a3 h4 23. Qe3 Qxe3 24. fxe3 Nxe5 25. Nf4 Ng4 26. R3a2 e5 27. Rxc2
Rxc2 28. Nxc2 exf4 29. exf4 Re8 30. Kg1 Re2 31. Nd4 Rd2 32. Nf3 Rxd3 33. Nxh4
Rd2 34. Nf3 Rb2 35. Re1 Rb4 36. g3 Rb3 37. Kg2 Kf8 38. Re2 g6 39. Ra2 Ne3+ 40.
Kf2 Nf5 41. Rd2 Rb5 42. Ne5 Nd6 43. Nd7+ Ke7 44. Nf6 Ne4+ 45. Nxe4 dxe4 1/2-1/2

[Event "World Rapid 2025"]
[Site "Doha QAT"]
[Date "2025.12.28"]
[Round "13.64"]
[White "Ibarra Jerez, Jose Carlos"]
[Black "Chasin, Nico"]
[Result "1-0"]
[WhiteTitle "GM"]
[BlackTitle "IM"]
[WhiteElo "2532"]
[BlackElo "2517"]
[WhiteFideId "2226332"]
[BlackFideId "30908477"]
[EventDate "2025.12.26"]

1. e4 c5 2. Nf3 Nc6 3. Bb5 g6 4. Bxc6 dxc6 5. d3 Bg7 6. h3 Nf6 7. Nc3 Nd7 8. Be3
e5 9. Qd2 Qe7 10. Bh6 Bxh6 11. Qxh6 f6 12. Nd2 Nf8 13. f4 exf4 14. Qxf4 Ne6 15.
Qf2 O-O 16. O-O b6 17. Nf3 Ba6 18. b3 Rad8 19. Rfe1 Nd4 20. Nxd4 cxd4 21. Ne2 c5
22. Nf4 Qe5 23. g4 Bb7 24. Qg3 a6 25. a4 Bc6 26. Kh2 Kg7 27. Re2 Rfe8 28. h4 b5
29. axb5 axb5 30. g5 f5 31. Ra7+ Kg8 32. h5 fxe4 33. hxg6 hxg6 34. Qh4 Re7 35.
Rxe7 Qxe7 36. dxe4 Qe5 37. Kg1 Rd6 38. Nd3 Qg7 39. Nxc5 d3 40. Nxd3 Qd4+ 41. Nf2
Re6 42. Kh2 Kf8 43. Qf4+ Ke7 44. Rd2 Qe5 45. Kg3 Qc5 46. Qc7+ Kf8 47. Rd8+ Re8
48. Qf4+ Kg8 49. Rd6 Bxe4 50. Nxe4 Qg1+ 51. Kf3 Qf1+ 52. Ke3 Qc1+ 53. Rd2 Qg1+
54. Kd3 Rd8+ 55. Kc3 Qa1+ 56. Kb4 Ra8 57. Nf6+ Kf7 58. Rd7+ Ke6 59. Qg4+ 1-0

[Event "World Rapid 2025"]
[Site "Doha QAT"]
[Date "2025.12.28"]
[Round "13.65"]
[White "Petrov, Nikita"]
[Black "Agmanov, Zhandos"]
[Result "1/2-1/2"]
[WhiteTitle "GM"]
[BlackTitle "IM"]
[WhiteElo "2578"]
[BlackElo "2471"]
[WhiteFideId "4101286"]
[BlackFideId "13708309"]
[EventDate "2025.12.26"]

1. d4 Nf6 2. c4 e6 3. Nc3 Bb4 4. e3 O-O 5. a3 Bxc3+ 6. bxc3 d6 7. Ne2 e5 8. Ng3
Re8 9. Bd3 e4 10. Bb1 Nc6 11. Ra2 Na5 12. f3 Nxc4 13. fxe4 Ng4 14. Qe2 d5 15.
Bd3 Qh4 16. Bxc4 dxc4 17. Qf3 c6 18. h3 Nh6 19. O-O f6 20. e5 fxe5 21. Raf2 Be6
22. e4 Rad8 23. Be3 Nf7 24. Nf5 Bxf5 25. exf5 Ng5 26. Bxg5 Qxg5 27. Qe2 1/2-1/2

[Event "World Rapid 2025"]
[Site "Doha QAT"]
[Date "2025.12.28"]
[Round "13.66"]
[White "Ansat, Aldiyar"]
[Black "Puranik, Abhimanyu"]
[Result "0-1"]
[WhiteTitle "IM"]
[BlackTitle "GM"]
[WhiteElo "2479"]
[BlackElo "2622"]
[WhiteFideId "13715658"]
[BlackFideId "5061245"]
[EventDate "2025.12.26"]

1. e4 c5 2. Nf3 Nc6 3. Nc3 Nf6 4. d4 cxd4 5. Nxd4 e5 6. Ndb5 d6 7. Bg5 a6 8. Na3
Be7 9. Nc4 O-O 10. Bd3 Be6 11. Bxf6 Bxf6 12. O-O Rc8 13. Ne3 Bg5 14. Ncd5 Ne7
15. Nxe7+ Qxe7 16. Qf3 g6 17. c3 Kh8 18. Bc2 f5 19. Bb3 f4 20. Nd5 Qd8 21. Rad1
a5 22. Rd3 Rc5 23. Rfd1 b5 24. a3 Qb8 25. Qe2 Bd8 26. Ba2 Qc8 27. h3 Rc6 28. Kh2
Qd7 29. b4 a4 30. c4 bxc4 31. Rc3 Bxd5 32. Rxd5 Bb6 33. Bxc4 Bd4 34. Rc1 f3 35.
gxf3 Rf4 36. Rxd4 Rh4 37. Qf1 exd4 38. Qg2 d3 39. Be6 Qxe6 40. Rxc6 d2 41. Qg3
Rxh3+ 42. Qxh3 Qxh3+ 43. Kxh3 d1=Q 44. Kg2 Qd3 45. b5 Qxb5 46. Rxd6 Qb3 47. e5
Qxa3 48. Rd7 Qb3 49. Ra7 Kg8 50. e6 Kf8 51. Rxh7 Qxe6 52. Ra7 Qb3 53. Rh7 a3 54.
Rb7 Qxb7 0-1